000 00297nam a22001337a 4500
008 181221b xxu||||| |||| 00| 0 eng d
020 _a9780805393934
041 _aeng
080 _27th
_a573
100 _a11
101 _aBIO
245 _aThe World of the Cell
_cBecker,W.M
942 _2udc
_cBK
999 _c53660
_d53660